L'Illa deserta / (Record no. 136789)

MARC details
000 -CABECERA
campo de control de longitud fija 01760cam a2200337 i 4500
001 - NÚMERO DE CONTROL
campo de control 991061277605006706
003 - IDENTIFICADOR DEL NÚMERO DE CONTROL
campo de control ES-BaIT
005 - FECHA Y HORA DE LA ÚLTIMA TRANSACCIÓN
campo de control 20251106123526.0
008 - DATOS DE LONGITUD FIJA--INFORMACIÓN GENERAL
campo de control de longitud fija 250204e202306 spc|||| |||| 0|0 d cat|c
015 ## - NÚMERO DE BIBLIOGRAFÍA NACIONAL
Número de bibliografía nacional LL2025
Fuente bnc
017 ## - NÚMERO DE COPYRIGHT O DE DEPÓSITO LEGAL
Número de copyright o de depósito legal DL T 570-2023
Agencia que asigna Biblioteca de Catalunya
020 ## - NÚMERO INTERNACIONAL ESTÁNDAR DEL LIBRO
Número Internacional Estándar del Libro 9788412704426
040 ## - FUENTE DE LA CATALOGACIÓN
Centro catalogador/agencia de origen ES-ReCLR
Lengua de catalogación cat
Normas de descripción rda
Centro/agencia transcriptor ES-ReCLR
Centro/agencia modificador ES-BaBC
080 ## - NÚMERO DE LA CLASIFICACIÓN DECIMAL UNIVERSAL
Número de la Clasificación Decimal Universal 821.134.12
Subdivisión auxiliar común ”20”
Identificador de la edición 2004
080 ## - NÚMERO DE LA CLASIFICACIÓN DECIMAL UNIVERSAL
Número de la Clasificación Decimal Universal 849.9-2"20"
100 1# - ENTRADA PRINCIPAL--NOMBRE DE PERSONA
Nombre de persona Artigau i Queralt, Marc,
Fechas asociadas al nombre 1984-
Término indicativo de función/relación autor
9 (RLIN) 5629
245 12 - MENCIÓN DE TÍTULO
Título L'Illa deserta /
Mención de responsabilidad, etc. Marc Artigau i Queralt
250 ## - MENCIÓN DE EDICIÓN
Mención de edición 1a edició
264 #1 - PRODUCCIÓN, PUBLICACIÓN, DISTRIBUCIÓN, FABRICACIÓN Y COPYRIGHT
Producción, publicación, distribución, fabricación y copyright Tarragona :
Nombre del de productor, editor, distribuidor, fabricante Arola Editors,
Fecha de producción, publicación, distribución, fabricación o copyright juny 2023
300 ## - DESCRIPCIÓN FÍSICA
Extensión 82 pàgines ;
Dimensiones 17 cm
336 ## - TIPO DE CONTENIDO
Término de tipo de contenido text
Código de tipo de contenido txt
Fuente rdacontent
337 ## - TIPO DE MEDIO
Nombre/término del tipo de medio sense mediació
Código del tipo de medio n
Fuente rdamedia
338 ## - TIPO DE SOPORTE
Nombre/término del tipo de soporte volum
Código del tipo de soporte nc
Fuente rdacarrier
490 1# - MENCIÓN DE SERIE
Mención de serie Textos a part. Teatre contemporani ;
Designación de volumen o secuencia 241
500 ## - NOTA GENERAL
Nota general P2: D1, H1
520 ## - SUMARIO, ETC.
Sumario, etc. "L'illa deserta és la història d'Ella i d'Ell. De tot allò que hauria pogut ser. Ella, que treballa en un banc i que pintava grafits per la ciutat. Ell, que és repartidor a domicili i que somia amb ser actor. Ella i Ell ens expliquen com van ser, com són i com seran, ara que una trobada fortuïta, tancats dins d'un ascensor, els pot canviar (o no) l'existència per sempre. Què t'enduries a una illa deserta? Una vida explicada des del principi fins al final, tenint en compte totes les possibilitats, totes les variables. Aquella mateixa nit quan, per fi, surten de l'ascensor, una xifra mal entesa, un cinc per un sis, pot fer que no es tornin a veure mai més o pot ser el principi d'una llarga història." -- Contracoberta
830 #0 - PUNTO DE ACCESO ADICIONAL DE SERIE-TÍTULO UNIFORME
Título uniforme Textos a part.
Nombre de parte o sección de la obra Teatre contemporani
Designación de volumen o secuencia 241
9 (RLIN) 63285
908 ## - COLOCAR PARÁMETRO DE COMANDO (RLIN)
Colocar parámetro de comando CLR
-- BC
-- CDMAE
940 ## - EQUIVALENCIA O REFERENCIA-CRUZADA--TÍTULO UNIFORME [OBSOLETO] [solamente CAN/MARC]
Título uniforme <a href="CLR">CLR</a>
942 ## - ELEMENTOS DE ENTRADA AGREGADA (KOHA)
Fuente del sistema de clasificación o colocación Clasificación decimal universal
Tipo de ítem Koha Llibre
Holdings
Estado de retiro Estado de pérdida Fuente del sistema de clasificación o colocación Estado dañado No para préstamo Localización permanente Ubicación/localización actual Ubicación en estantería Fecha de adquisición Fuente de adquisición Total de préstamos Signatura topográfica completa Código de barras Fecha de vencimiento Fecha visto por última vez Fecha del último préstamo Precio válido a partir de Tipo de ítem Koha
    Clasificación decimal universal     Biblioteca Barcelona Biblioteca Barcelona BCN Lliure Accés 06/11/2025 Compra 2 849 ARTI ill 1900089446 30/04/2026 16/04/2026 16/04/2026 06/11/2025 Llibre
    Clasificación decimal universal     Biblioteca Vic Biblioteca Barcelona OSONA-Vic 06/11/2025 Compra   849 ARTI ill 1900089448   06/11/2025   06/11/2025 Llibre
    Clasificación decimal universal     Biblioteca Terrassa Biblioteca Terrassa VALLÈS-J.Oliver 06/11/2025 Compra   849 ARTI ill 1900089447   11/11/2025   06/11/2025 Llibre

Powered by Koha